BSOP header

The Baburnama : (Record no. 16854)

MARC details
000 -LEADER
fixed length control field 01089nam a2200229 4500
008 - FIXED-LENGTH DATA ELEMENTS--GENERAL INFORMATION
fixed length control field 030829r20021996nyuab b 001 0aeng
020 ## - INTERNATIONAL STANDARD BOOK NUMBER
International Standard Book Number 0375761373 :USD10.97
090 ## - LOCALLY ASSIGNED LC-TYPE CALL NUMBER (OCLC); LOCAL CALL NUMBER (OCLC)
Classification number (OCLC) (R) ; Classification number, CALL (RLIN) (NR) DS461.1
Local cutter number (OCLC) ; Book number/undivided call number, CALL (RLIN) B11b
100 0# - MAIN ENTRY--PERSONAL NAME
Personal name Babur,
Titles and other words associated with a name Emperor of Hindustan,
Dates associated with a name 1483-1530.
240 00 - UNIFORM TITLE
Uniform title B¯aburn¯amah.
Language of a work English
245 14 - TITLE STATEMENT
Title The Baburnama :
Remainder of title memoirs of Babur, prince and emperor /
Statement of responsibility, etc translated, edited, and annotated by Wheeler M. Thackston ; introduction by Salman Rushdie.
250 ## - EDITION STATEMENT
Edition statement Modern Library pbk. ed.
260 ## - PUBLICATION, DISTRIBUTION, ETC. (IMPRINT)
Place of publication, distribution, etc New York :
Name of publisher, distributor, etc Modern Library,
Date of publication, distribution, etc 2002.
300 ## - PHYSICAL DESCRIPTION
Extent xlvii, 554 p. :
Other physical details ill., maps ;
Dimensions 21 cm.
500 ## - GENERAL NOTE
General note Originally published: Washington, D.C. : Freer Gallery of Art : Arthur M. Sackler Gallery, Smithsonian Institution, 1996.
504 ## - BIBLIOGRAPHY, ETC. NOTE
Bibliography, etc Includes bibliographical references (p. [517]-524) and indexes.
600 14 - SUBJECT ADDED ENTRY--PERSONAL NAME
Personal name Babur,
Titles and other words associated with a name Emperor of Hindustan,
Dates associated with a name 1483-1530.
651 #4 - SUBJECT ADDED ENTRY--GEOGRAPHIC NAME
Geographic name Mogul Empire
General subdivision Kings and rulers
-- Biography.
651 #4 - SUBJECT ADDED ENTRY--GEOGRAPHIC NAME
Geographic name Mogul Empire.
951 ## - EQUIVALENCE OR CROSS-REFERENCE-GEOGRAPHIC NAME/AREA NAME [OBSOLETE] [CAN/MARC only]
General subdivision 00025600
700 1# - ADDED ENTRY--PERSONAL NAME
Personal name Thackston, W. M.
Fuller form of name (Wheeler McIntosh),
Dates associated with a name 1944-
951 ## - EQUIVALENCE OR CROSS-REFERENCE-GEOGRAPHIC NAME/AREA NAME [OBSOLETE] [CAN/MARC only]
-- 26332
-- DS461.1/B11b
-- 070613111309968
-- 2000-12-21
-- GC
Holdings
Withdrawn status Lost status Damaged status Not for loan Home library Current library Shelving location Date acquired Accession number Shelving control number Total Checkouts Full call number Barcode Date last seen Price effective from Koha item type
        BSOP Library BSOP Library GC 12/21/2000 26332 127   DS461.1/B11b 00025600 02/23/2013 02/23/2013 Books
BSOP

Biblical Seminary of the Philippines
  All rights Reserved
  © 2024

CONTACT INFORMATION

Biblical Seminary of the Philippines,
  77-B Karuhatan Road, Valenzuela City,
  PHILIPPINES 1441
  Phone: +632 8292-6795 / 8292-6798
  Fax : +632 8292-6675
  Email: library@bsop.edu.ph